00493nam a2200169Ia 4500008004100000020001500041041000800056082001700064100002100081245002200102250000600124260003800130300001100168650001800179999001900197952010700216210716s1989 xx 000 0 und d a8170290163 aeng a005.133 SIEC aSiegel, Charles. aTeach yourself c. a2 aNew DelhibBPB Publicationsc1989 axi,355 aC Programming c188979d188979 001040708MCAaAIMITbAIMITeDonatedl0o005.133 SIECpMCA08487r2025-07-21 00:00:00w2021-07-16yBK